Nursing in the year 2000 : symposium proceedings, Morgantown, West Virginia, March 25, 1983 /

Bibliographic Details
Corporate Authors: West Virginia Nurses Association. District 5., Sigma Theta Tau. Alpha Rho Chapter (West Virginia University School of Nursing)
Other Authors: Bilitski, Joan Scialli, Taylor, Margaret C. Zacha
Format: Book
Language:English
Published: Morgantown : West Virginia University Press, 1984.
Subjects:

MARC

Tag First Indicator Second Indicator Subfields
LEADER 00000cam a2200000 a 4500
001 in00000577236
005 20151014060305.0
008 841108s1984 wvua b s10000 eng
010 |a  84236934  
020 |a 0937058203 (pbk.) 
035 |a (OCoLC)11698836 
035 |9 ACM7181AM 
039 0 |a 2  |b 3  |c 3  |d 3  |e 3 
040 |a DLC  |c DLC  |d TXA  |d UtOrBLW 
049 |a TXAM  |c [A09139853] 
050 0 0 |a RT3  |b .N84 1984 
082 0 |a 610.73  |2 19 
245 0 0 |a Nursing in the year 2000 :  |b symposium proceedings, Morgantown, West Virginia, March 25, 1983 /  |c co-sponsored by the West Virginia Nurses Association, District 5 and Sigma Theta Tau, Alpha Rho Chapter, West Virginia University School of Nursing ; Joan Scialli Bilitski, Margaret C. Zacha Taylor, editors. 
264 1 |a Morgantown :  |b West Virginia University Press,  |c 1984. 
300 |a 69 pages :  |b illustrations ;  |c 23 cm. 
336 |a text  |b txt  |2 rdacontent 
337 |a unmediated  |b n  |2 rdamedia 
338 |a volume  |b nc  |2 rdacarrier 
504 |a Includes bibliographies. 
650 0 |a Nursing  |v Congresses. 
650 0 |a Nursing  |x Data processing  |x Congresses. 
650 0 |a Nursing  |x Social aspects  |x Congresses. 
700 1 |a Bilitski, Joan Scialli. 
700 1 |a Taylor, Margaret C. Zacha. 
710 2 |a West Virginia Nurses Association.  |b District 5. 
710 2 |a Sigma Theta Tau.  |b Alpha Rho Chapter (West Virginia University School of Nursing) 
999 |a MARS 
999 f f |s f0dec0e4-8bb5-329d-b19c-886895fc3035  |i 538bed51-fa4a-30ab-9a8e-fc06be46421b  |t 0 
952 f f |p ric  |a Texas A&M University  |b Rellis Campus  |c Joint Library Facility  |d Remote Storage  |t 0  |e RT3 .N84 1984  |h Library of Congress classification  |i unmediated -- volume  |m A14809139853 
998 f f |a RT3 .N84 1984  |t 0  |l Remote Storage